MARC details
| 000 -CABECERA |
| campo de control de longitud fija |
01201nam a2200301 a 4500 |
| 005 - FECHA Y HORA DE LA ÚLTIMA TRANSACCIÓN |
| campo de control |
20221123115938.0 |
| 008 - ELEMENTOS DE LONGITUD FIJA--INFORMACIÓN GENERAL |
| campo de control de longitud fija |
190816s1998 sp r 000 0 spa d |
| 020 ## - NÚMERO INTERNACIONAL NORMALIZADO PARA LIBROS |
| Número Internacional Estándar del Libro |
8449306396 |
| 035 ## - NÚMERO DE CONTROL DEL SISTEMA |
| Número de control de sistema |
UPN01000232088 |
| 040 ## - FUENTE DE LA CATALOGACIÓN |
| Centro catalogador/agencia de origen |
MX-MxUPN |
| Lengua de catalogación |
spa |
| Centro/agencia transcriptor |
MX-MxUPN |
| 041 1# - CÓDIGO DE IDIOMA |
| Código de lengua del texto/banda sonora o título independiente |
spa |
| Código de lengua original |
eng |
| 050 ## - SIGNATURA TOPOGRÁFICA DE LA BIBLIOTECA DEL CONGRESO |
| Número de clasificación |
RC473 M47 |
| Número de documento/Ítem |
C46 1998 |
| 100 1# - ASIENTO PRINCIPAL--NOMBRE PERSONAL |
| Nombre de persona |
Choca, James P. |
| 9 (RLIN) |
47442 |
| 100 1# - ASIENTO PRINCIPAL--NOMBRE PERSONAL |
| Nombre de persona |
Van Denburg, Eric J. |
| Forma completa/desarrollada del nombre |
(Eric James), |
| Fechas asociadas al nombre |
1955- |
| 9 (RLIN) |
47285 |
| 240 10 - TÍTULO UNIFORME |
| Título uniforme |
Interpretive guide to the Millon Clinical Multiaxial Inventory. |
| Lenguaje de la obra |
Español |
| 245 10 - MENCIÓN DE TÍTULO |
| Título |
Guía práctica para la interpretación del MCMI : |
| Resto del título |
(Millon Multiaxial Clinical Inventory) / |
| Mención de responsabilidad, etc. |
James P. Choca, Eric Van Denburg. |
| 260 ## - PUBLICACIÓN, DISTRIBUCIÓN, ETC. |
| Lugar de publicación, distribución, etc. |
Barcelona, España : |
| Nombre del editor, distribuidor, etc. |
Paidós, |
| Fecha de publicación, distribución, etc. |
1998. |
| 300 ## - DESCRIPCIÓN FÍSICA |
| Extensión |
335 páginas |
| 490 ## - MENCIÓN DE SERIE |
| Mención de serie |
Evaluación psicológica ; |
| Designación de volumen o secuencia |
71 |
| 500 ## - NOTA GENERAL |
| Nota general |
Traducción de: Interpretive guide to the Millon Clinical Multiaxial Inventory. |
| 500 ## - NOTA GENERAL |
| Nota general |
Publicado en inglés por la American Psychological Association. |
| 650 #0 - ASIENTO SECUNDARIO DE MATERIA - TERMINO TEMATICO |
| 9 (RLIN) |
47286 |
| Término de materia o nombre geográfico como elemento de entrada |
Inventario multiaxial clínico de Millon |
| 650 #0 - ASIENTO SECUNDARIO DE MATERIA - TERMINO TEMATICO |
| 9 (RLIN) |
47287 |
| Término de materia o nombre geográfico como elemento de entrada |
Trastornos de la personalidad |
| Subdivisión general |
Diagnóstico |
| 700 1# - ASIENTO SECUNDARIO--NOMBRE DE PERSONAL |
| Nombre de persona |
Bas, Teresa |
| Término indicativo de función/relación |
traductora |
| 9 (RLIN) |
47288 |
| 905 ## - TIPO DE MATERIAL |
| Tipo de material |
Libro |
| 942 ## - ELEMENTOS DE PUNTO DE ACCESO ADICIONAL (KOHA) |
| Suprimir en OPAC |
No |
| Fuente del sistema de clasificación o colocación |
Library of Congress Classification |
| Tipo de ítem Koha |
Libro |